[Event "AUTO-INT-3239"]
[Site "http://www.queenalice.com/game.php?id=1483807"]
[Date "2017.6.25"]
[Round "2"]
[White "julianowagner"]
[Black "qxr"]
[Result "1-0"]
[WhiteElo "1660"]
[BlackElo "1668"]

1. d4 Nf6 2. Nc3 d5 3. Bf4 Bd7 4. e3 Nc6 5. Nb5 e5 6. dxe5 Nxe5 7. Bxe5 Bxb5 8.
Bxb5+ c6 9. Bd3 Be7 10. Nf3 Ng4 11. Bxg7 Rg8 12. Bd4 f6 13. Bxh7 Rg7 14. Qd3 Qd6
15. Bg6+ Kd8 16. Qf5 Nh6 17. Qh5 Kc7 18. Qxh6 Rag8 19. Bh7 Bf8 20. Bxg8 Rxg8 21.
Qh7+ Rg7 22. Qf5 Be7 23. a3 Rxg2 24. b4 Rg8 25. Rc1 Rg7 26. Ne5 Rg5 27. Qh3 fxe5
28. Bxa7 b6 29. Qh8 Bd8 30. c4 dxc4 31. Rd1 Kb7 32. Rxd6 1-0

[Event "Challenge"]
[Site "http://www.queenalice.com/game.php?id=1485430"]
[Date "2017.7.9"]
[Round "-"]
[White "papilon_br"]
[Black "julianowagner"]
[Result "1-0"]
[WhiteElo "1577"]
[BlackElo "1676"]

1. e4 e5 2. Nf3 Nc6 3. Nc3 Nf6 4. Bb5 Be7 5. d4 a6 6. Bxc6 bxc6 7. dxe5 Ng4 8.
O-O d6 9. exd6 cxd6 10. Bf4 Nf6 11. Qd2 O-O 12. Rfd1 Bg4 13. Bxd6 Bxf3 14. gxf3
Re8 15. Bxe7 Qxe7 16. Qd6 Rab8 17. Qxe7 Rxe7 18. Rd6 h6 19. Rad1 Kh7 20. Rxc6
Reb7 21. b3 Nh5 22. Rxa6 Rc8 23. Rd5 Nf4 24. Rb5 Rxb5 25. Nxb5 Rxc2 26. h4 Nd3
27. Nd4 Rxf2 28. Ra7 Ne5 29. Kxf2 1-0

[Event "Challenge"]
[Site "http://www.queenalice.com/game.php?id=1485431"]
[Date "2017.7.9"]
[Round "-"]
[White "julianowagner"]
[Black "papilon_br"]
[Result "0-1"]
[WhiteElo "1656"]
[BlackElo "1597"]

1. d4 d5 2. c4 Nc6 3. c5 Nf6 4. Nc3 e5 5. e3 e4 6. Qa4 Bd7 7. b4 Nxd4 8. b5 a6
9. Qxd4 Qe7 10. Nxd5 Nxd5 11. Qxd5 Qxc5 12. Qxc5 Bxc5 13. bxa6 bxa6 14. Bd2 Ba4
15. g3 O-O-O 16. Bh3+ Kb8 17. Rc1 Ba3 18. Rb1+ Ka7 19. Ne2 Bc2 20. Nd4 Bxb1 21.
Nc6+ Kb7 22. Nxd8+ Rxd8 23. Bc3 Bc2 24. Bg4 Bc1 25. O-O Ba3 26. Bxg7 Rg8 27. Bd1
Bxd1 28. Bd4 Bc2 0-1

[Event "Challenge"]
[Site "http://www.queenalice.com/game.php?id=1485741"]
[Date "2017.7.12"]
[Round "-"]
[White "papilon_br"]
[Black "julianowagner"]
[Result "1-0"]
[WhiteElo "1615"]
[BlackElo "1638"]

1. e4 d5 2. exd5 Qxd5 3. Nc3 Qd8 4. Nf3 Bg4 5. d4 Bxf3 6. gxf3 Nf6 7. Be3 e6 8.
Qd2 Nc6 9. O-O-O Bd6 10. Bg5 O-O 11. Nd5 exd5 12. Bxf6 Qxf6 13. Kb1 Qxf3 14. Bd3
Bf4 15. Qc3 Bxh2 16. Bxh7+ Kxh7 17. Qxf3 1-0

[Event "Challenge"]
[Site "http://www.queenalice.com/game.php?id=1485742"]
[Date "2017.7.12"]
[Round "-"]
[White "julianowagner"]
[Black "papilon_br"]
[Result "0-1"]
[WhiteElo "1642"]
[BlackElo "1646"]

1. d4 d5 2. c4 c6 3. Nc3 dxc4 4. Bf4 Nf6 5. e4 e6 6. e5 Nd5 7. Bd2 b5 8. Nf3 Bb4
9. Nxd5 Bxd2+ 10. Qxd2 cxd5 11. Be2 Nc6 12. a3 h6 13. O-O a5 14. h3 O-O 15. Qc2
f5 16. exf6 Qxf6 17. Qc3 Bd7 18. Qc2 Nxd4 19. Nxd4 Qxd4 20. Bh5 Qf6 21. Qd1 Qxb2
22. Bg6 Rf6 23. Qg4 Raf8 24. f3 Qe5 25. h4 Qf4 26. Qh5 e5 27. Rae1 Bf5 0-1

[Event "Challenge"]
[Site "http://www.queenalice.com/game.php?id=1485781"]
[Date "2017.7.12"]
[Round "-"]
[White "julianowagner"]
[Black "EdBrazil"]
[Result "1-0"]
[WhiteElo "1653"]
[BlackElo "1552"]

1. d4 d6 2. c4 e5 3. dxe5 dxe5 4. Qxd8+ Kxd8 5. e4 c5 6. Nf3 Nc6 7. Be3 Be6 8.
Nc3 Nb4 9. Rc1 Kc7 10. Nxe5 a6 11. a3 Nc6 12. Nxc6 bxc6 13. e5 Rb8 14. Na4 Ne7
15. Nxc5 Rxb2 16. Nxa6+ Kc8 17. Bd3 Rb3 18. Be4 Rxa3 19. Nb4 Ra4 20. Nxc6 Rxc4
21. Bf3 Nxc6 22. Bxc6 Bb4+ 23. Ke2 f5 24. Bb5 Rc3 25. Rxc3+ Bxc3 26. Rc1 Kb7 27.
Rxc3 Rd8 28. Bc6+ Kb8 29. Bb6 Rc8 30. Ba5 f4 31. f3 h5 32. Bb4 Ka7 33. Ra3+ Kb6
34. Be4 Bc4+ 35. Kf2 Kb5 36. Be1 Rc5 37. Ra5+ Kb6 38. Rxc5 Kxc5 39. Bc3 g5 40.
Bf5 Kc6 41. e6 Kd6 42. Bb4+ Ke5 43. e7 Kxf5 44. e8=Q g4 45. Qe4+ Kg5 46. Be7+
1-0

[Event "Challenge"]
[Site "http://www.queenalice.com/game.php?id=1496895"]
[Date "2017.9.29"]
[Round "-"]
[White "papilon_br"]
[Black "julianowagner"]
[Result "1-0"]
[WhiteElo "1735"]
[BlackElo "1695"]

1. e4 e5 2. Nf3 Nc6 3. Nc3 d6 4. d4 Bg4 5. d5 Nd4 6. Be3 Nxf3+ 7. gxf3 Bd7 8.
Qd2 Nf6 9. O-O-O Be7 10. Rg1 Nh5 11. a3 c6 12. Be2 Qc7 13. f4 exf4 14. Bxf4 Nxf4
15. Qxf4 Bf6 16. Kb1 Be5 17. Qe3 c5 18. f4 Bd4 19. Qg3 Bxg1 20. Rxg1 g6 21. f5
O-O-O 22. fxg6 hxg6 23. Nb5 Qb6 24. Nxd6+ Kb8 25. Nxf7+ Ka8 26. Nxh8 Rxh8 27.
Qxg6 Qd8 28. e5 Bh3 29. e6 a6 30. Bf3 Qc7 31. Qg7 Qd8 32. d6 Qb8 33. e7 Bd7 34.
Re1 Rg8 35. Qf7 Rc8 36. b4 cxb4 37. axb4 Ka7 38. c4 Be8 39. Qd5 Bd7 40. Bh5 Bc6
41. Qd4+ b6 42. Bg4 Re8 43. d7 1-0

[Event "Challenge"]
[Site "http://www.queenalice.com/game.php?id=1496896"]
[Date "2017.9.29"]
[Round "-"]
[White "julianowagner"]
[Black "papilon_br"]
[Result "1-0"]
[WhiteElo "1681"]
[BlackElo "1749"]

1. d4 d5 2. c4 dxc4 3. Qa4+ Qd7 4. Qxc4 Nf6 5. e3 Qd5 6. Qa4+ Nc6 7. Nf3 Bd7 8.
Qc2 Ne4 9. a3 Bf5 10. Bd3 g6 11. Nbd2 Nxd2 12. Qxd2 O-O-O 13. Bxf5+ Qxf5 14. O-O
Bg7 15. Re1 e5 16. e4 Qf4 17. Qxf4 exf4 18. d5 Nd4 19. Nxd4 Bxd4 20. Bxf4 Bxb2
21. Ra2 Bg7 22. Rc1 Rd7 23. Rac2 g5 24. Bxc7 Rxc7 25. Rxc7+ Kb8 26. Rxf7 Bd4 27.
Rcc7 b5 28. Rb7+ Ka8 29. Rxb5 Bb6 30. a4 Re8 31. a5 Rxe4 32. h3 Re1+ 33. Kh2 Bd8
34. g3 Re8 35. a6 Bb6 36. d6 Kb8 37. d7 Rd8 38. Rd5 Kc7 39. Rxh7 Bxf2 40. Rd1
Be3 41. Kg2 Bc5 42. Rc1 Kd6 43. Rh6+ Kxd7 44. Rxc5 Ke7 45. Rc7+ Rd7 46. Rh7+ Ke6
47. Rcxd7 Kf5 48. Rd1 Kg6 49. Rxa7 Kf5 50. Rb7 Kg6 51. Rd6+ Kf5 52. Rb5+ Ke4 53.
a7 Ke3 54. a8=Q Ke2 55. Qe8# 1-0

[Event "Challenge"]
[Site "http://www.queenalice.com/game.php?id=1497482"]
[Date "2017.10.3"]
[Round "-"]
[White "papilon_br"]
[Black "julianowagner"]
[Result "0-1"]
[WhiteElo "1730"]
[BlackElo "1700"]

1. e4 e5 2. Nf3 d6 3. Nc3 c6 4. d4 Bg4 5. Be2 Bxf3 6. Bxf3 Qb6 7. d5 Be7 8. b3
Bh4 9. O-O Nf6 10. Be3 Qb4 11. Qd2 Qa5 12. a3 Qc7 13. g3 cxd5 14. exd5 Qc8 15.
gxh4 Qh3 16. Bg2 Qxh4 17. Bg5 Qh5 18. Bxf6 gxf6 19. Qe2 Qg6 20. Ne4 f5 21. Qb5+
Nd7 22. Nxd6+ Qxd6 23. f3 b6 24. Bh3 Qg6+ 25. Kf2 Rc8 26. Rg1 Rxc2+ 27. Kf1 Qf6
28. Qd3 Rxh2 29. Bxf5 Qh4 30. Bxd7+ Kd8 31. Qe3 Kxd7 32. f4 exf4 33. Qf3 Kd6 34.
Re1 Rc8 35. Rg2 Rc2 36. Rxc2 Rh1+ 37. Ke2 Qxe1+ 38. Kd3 Qd1+ 39. Rd2 Qxf3+ 0-1

[Event "Challenge"]
[Site "http://www.queenalice.com/game.php?id=1497483"]
[Date "2017.10.3"]
[Round "-"]
[White "julianowagner"]
[Black "papilon_br"]
[Result "1-0"]
[WhiteElo "1717"]
[BlackElo "1722"]

1. d4 d5 2. Bf4 Nf6 3. c4 e6 4. Nc3 Bb4 5. Qa4+ Nc6 6. Nf3 Bxc3+ 7. bxc3 Bd7 8.
Qa3 h6 9. e3 Ne4 10. cxd5 exd5 11. Qb3 Rb8 12. Qxd5 Nxc3 13. Qc4 Ne4 14. Bd3 Be6
15. Qc1 Nf6 16. Qa3 g5 17. Be5 Nxe5 18. Nxe5 Qd6 19. Qc1 O-O 20. Qc2 Rbc8 21.
O-O c5 22. Rab1 cxd4 23. Nc4 Qd5 24. e4 Qd7 25. f3 b5 26. Ne5 Qd6 27. Qe2 Qxe5
28. Rxb5 Qc7 29. e5 Nd5 30. Qe4 f5 31. exf6 Nxf6 32. Qg6+ Qg7 33. Qxg7+ Kxg7 34.
Re1 Bxa2 35. Rbe5 Rc7 36. Ra5 Bd5 37. h4 gxh4 38. Rf1 Rfc8 39. Ba6 Bb7 40. Be2
Rc1 41. Rxa7 Rxf1+ 42. Bxf1 Rb8 43. Ba6 Rd8 44. Bxb7 Kg6 45. Ra6 d3 46. Be4+ Kg5
47. Ra5+ Kf4 48. Rf5+ Ke3 49. Bxd3 Rxd3 50. Rxf6 Rd1+ 51. Kh2 Kf2 52. Rxh6 Rg1
53. Rg6 Rd1 54. Rg4 Rg1 55. f4 h3 56. gxh3 Re1 57. f5 Re2 58. Rg2+ 1-0

[Event "Challenge"]
[Site "http://www.queenalice.com/game.php?id=1497540"]
[Date "2017.10.4"]
[Round "-"]
[White "papilon_br"]
[Black "julianowagner"]
[Result "1-0"]
[WhiteElo "1706"]
[BlackElo "1733"]

1. e4 e5 2. Nf3 Nc6 3. Nc3 Nf6 4. d4 exd4 5. Nxd4 Bb4 6. Nxc6 bxc6 7. Bg5 Bb7 8.
e5 h6 9. Qe2 Be7 10. exf6 gxf6 11. Bxf6 Rh7 12. Bxe7 Qxe7 13. Qxe7+ Kxe7 14.
O-O-O Kf8 15. Rxd7 Re8 16. Bc4 Bc8 17. Rxc7 Rg7 18. Rxa7 Be6 19. Bxe6 Rxe6 20.
Rd1 Kg8 21. f4 Rxg2 22. Rc7 Rf6 23. Ne4 Rxf4 24. Nd6 Ra4 25. Rxc6 Rxa2 26. Kb1
Ra4 27. Nf5 Rxh2 28. Rxh6 Rf2 29. Rd8# 1-0

[Event "Challenge"]
[Site "http://www.queenalice.com/game.php?id=1497541"]
[Date "2017.10.4"]
[Round "-"]
[White "julianowagner"]
[Black "papilon_br"]
[Result "1-0"]
[WhiteElo "1716"]
[BlackElo "1723"]

1. d4 Nf6 2. c4 d5 3. e3 e6 4. c5 Nc6 5. Nc3 a6 6. Nf3 b6 7. Ne5 Nxe5 8. dxe5
Nd7 9. cxb6 Nxb6 10. a3 Nc4 11. Bxc4 dxc4 12. Qxd8+ Kxd8 13. O-O Bd7 14. Rd1 g6
15. Ne4 Be7 16. Bd2 c6 17. Bb4 Bxb4 18. axb4 Kc7 19. Nf6 Rad8 20. h3 c5 21. bxc5
Bb5 22. Rd6 Rxd6 23. cxd6+ Kd8 24. Rd1 Bd7 25. Rd4 Bb5 26. f4 h5 27. Ne4 Kd7 28.
Nc5+ Kd8 29. d7 Re8 30. dxe8=Q+ Kxe8 31. g4 hxg4 32. h4 Kf8 33. Rd6 Ke7 34. Nxa6
f6 35. Rb6 Bxa6 36. Rxa6 fxe5 37. fxe5 Kd7 38. Ra4 Kc6 39. Rxc4+ Kd5 40. Rxg4
Kxe5 41. b4 Kd6 42. Rxg6 1-0

[Event "Challenge"]
[Site "http://www.queenalice.com/game.php?id=1497654"]
[Date "2017.10.5"]
[Round "-"]
[White "papilon_br"]
[Black "julianowagner"]
[Result "1-0"]
[WhiteElo "1707"]
[BlackElo "1732"]

1. e4 e6 2. Nf3 Nc6 3. Nc3 d6 4. d4 Nf6 5. Bg5 h6 6. Bxf6 Qxf6 7. Bb5 Bd7 8.
Bxc6 Bxc6 9. O-O Bd7 10. e5 Qg6 11. Qe2 d5 12. Qd3 Qxd3 13. cxd3 O-O-O 14. b3
Kb8 15. a4 a6 16. Rfc1 c6 17. Rab1 Bb4 18. Na2 Ba3 19. Rc3 Be7 20. b4 h5 21.
Rbc1 f6 22. b5 a5 23. bxc6 Bxc6 24. Rb1 g5 25. Rxc6 g4 26. Nd2 h4 27. Rcb6 Rd7
28. Rxe6 h3 29. g3 fxe5 30. dxe5 Bc5 31. Nb3 Bb4 32. Nxb4 axb4 33. Nc5 Rc7 34.
d4 Rhc8 35. Kf1 Ka7 36. Rxb4 Rf7 37. Rd6 Rcf8 38. Nd3 Rf3 39. Ke2 R3f5 40. Rd7
Rb8 41. Nc5 Ka8 42. Rdxb7 Rxb7 43. Nxb7 Rf8 44. Nc5 Rf3 45. a5 Ra3 46. a6 Ra2+
47. Ke3 Ra3+ 48. Rb3 Ra1 49. Kf4 Rh1 50. Kxg4 Rxh2 51. e6 Rh1 52. e7 1-0

[Event "Challenge"]
[Site "http://www.queenalice.com/game.php?id=1497655"]
[Date "2017.10.5"]
[Round "-"]
[White "julianowagner"]
[Black "papilon_br"]
[Result "0-1"]
[WhiteElo "1715"]
[BlackElo "1724"]

1. d4 d5 2. c4 dxc4 3. Qa4+ Nc6 4. e3 Bd7 5. Bxc4 Nxd4 6. Qd1 Nc6 7. Qf3 Nf6 8.
e4 e5 9. a3 Bg4 10. Qb3 Qd7 11. f3 Na5 12. Qb5 Nxc4 13. Qxc4 O-O-O 14. Nd2 Be6
15. Qc2 b6 16. Ne2 Bc5 17. b4 Be3 18. a4 Qd3 19. Qb2 Rd7 20. Ra3 Bxd2+ 21. Bxd2
Qc4 22. O-O Qxe2 23. Qxe5 Qxd2 24. Raa1 Qd4+ 25. Qxd4 Rxd4 26. b5 Rhd8 27. a5
bxa5 28. g3 Rb4 29. Rxa5 Bc4 30. Rfa1 Rxb5 31. Rxa7 Rb8 32. Rc1 Rd4 33. e5 Nd5
34. e6 fxe6 35. Re1 Kd7 36. f4 Rd2 37. Rc1 Nb6 38. Ra3 Be2 39. Rac3 Rd1+ 40.
Rxd1+ Bxd1 41. Rd3+ Nd5 42. Rxd1 Rc8 43. f5 exf5 44. Rxd5+ Ke6 45. Rd1 c5 46.
Kf2 Ke5 47. Ke3 g5 48. Rf1 c4 49. Kd2 c3+ 50. Kc2 Kd4 51. Rxf5 Rb8 52. Rf7 Rb2+
53. Kd1 Kd3 54. Rd7+ Ke3 55. Kc1 Rxh2 56. Re7+ Kf3 57. Rc7 Kxg3 58. Rxc3+ Kg4
59. Rc8 h5 60. Rc4+ Kf5 61. Rc5+ Kg4 62. Rc4+ Kf3 63. Rc3+ Ke4 64. Ra3 g4 65.
Ra4+ Kf5 66. Ra5+ Kg6 67. Kd1 g3 68. Ra6+ Kg5 69. Ra5+ Kg4 70. Ra4+ Kh3 71. Ke1
Rb2 0-1

[Event "Challenge"]
[Site "http://www.queenalice.com/game.php?id=1497724"]
[Date "2017.10.5"]
[Round "-"]
[White "papilon_br"]
[Black "julianowagner"]
[Result "1-0"]
[WhiteElo "1740"]
[BlackElo "1699"]

1. e4 d5 2. exd5 Qxd5 3. Nf3 Bg4 4. Nc3 Bxf3 5. Nxd5 Bxd1 6. Kxd1 Na6 7. Bxa6
Kd8 8. Bd3 e6 9. Ne3 Nf6 10. b3 a5 11. Bb2 Nd7 12. c4 Nc5 13. Kc2 Bd6 14. Bxg7
Rg8 15. Bf6+ Kc8 16. g3 Rd8 17. Bxd8 Kxd8 18. Bxh7 Kd7 19. h4 Rh8 20. Bd3 c6 21.
f4 a4 22. h5 axb3+ 23. axb3 f5 24. h6 e5 25. Bxf5+ Ke7 26. h7 exf4 27. gxf4 Bxf4
28. Rhg1 Kf7 29. Rg4 Be5 30. Rag1 1-0

[Event "Challenge"]
[Site "http://www.queenalice.com/game.php?id=1497725"]
[Date "2017.10.5"]
[Round "-"]
[White "julianowagner"]
[Black "papilon_br"]
[Result "1-0"]
[WhiteElo "1685"]
[BlackElo "1770"]

1. d4 d5 2. c4 dxc4 3. Qa4+ Nc6 4. Nf3 Bd7 5. Qxc4 Be6 6. Qc3 g6 7. d5 Nf6 8.
dxc6 Bg7 9. cxb7 Rb8 10. Qc6+ Qd7 11. Qa6 Bd5 12. Ne5 Qd6 13. Qxa7 Rxb7 14. Qa4+
Nd7 15. Nd3 f5 16. Bf4 e5 17. Bg5 Kf7 18. Nc3 Rhb8 19. e3 e4 20. Nf4 Rb4 21. Qd1
Rxb2 22. Nfxd5 c6 23. Bf4 Be5 24. Bxe5 Nxe5 25. Nf4 Qb4 26. Rc1 Rxa2 27. Be2 Rb2
28. O-O Ke7 29. Ncd5+ cxd5 30. Nxd5+ Ke6 31. Nxb4 R2xb4 32. f4 Nd3 33. Bxd3 exd3
34. Qxd3 R8b6 35. Rfd1 Kf6 36. Qc3+ Kf7 37. Qe5 Rb7 38. Rc7+ Rxc7 39. Qxc7+ Kf6
40. Rd6# 1-0

[Event "Challenge"]
[Site "http://www.queenalice.com/game.php?id=1497730"]
[Date "2017.10.6"]
[Round "-"]
[White "MASTROIANNI"]
[Black "julianowagner"]
[Result "0-1"]
[WhiteElo "1229"]
[BlackElo "1693"]

1. d4 d5 2. f4 c5 3. Nf3 Bf5 4. dxc5 e6 5. Be3 Qa5+ 6. c3 Nf6 7. b4 Qc7 8. h3
Be7 9. g4 Be4 10. Bg2 O-O 11. Nbd2 Nbd7 12. Rc1 a5 13. a3 axb4 14. axb4 b6 15.
O-O bxc5 16. Ne5 Nxe5 0-1

[Event "Challenge"]
[Site "http://www.queenalice.com/game.php?id=1497734"]
[Date "2017.10.6"]
[Round "-"]
[White "papilon_br"]
[Black "julianowagner"]
[Result "1-0"]
[WhiteElo "1759"]
[BlackElo "1704"]

1. e4 e5 2. Nf3 Nc6 3. Nc3 Be7 4. g3 Nf6 5. Bg2 O-O 6. d3 d6 7. O-O Bg4 8. h3
Bh5 9. g4 Bg6 10. Bg5 h6 11. Bxf6 Bxf6 12. Nd5 Rc8 13. a3 Nd4 14. c3 Nxf3+ 15.
Bxf3 c6 16. Nxf6+ Qxf6 17. Kg2 Qg5 18. Qc1 Qh4 19. Qe3 b6 20. a4 c5 21. a5 b5
22. b4 Qe7 23. bxc5 Rxc5 24. d4 Rc4 25. d5 Qc7 26. Rfc1 Rc8 27. Rab1 a6 28. Qb6
Qe7 29. Qxa6 Bxe4 30. Qxb5 Bxf3+ 31. Kxf3 Qf6+ 32. Kg2 Rf4 33. Rf1 e4 34. a6
Qxc3 35. Rb3 Qe5 36. a7 e3 37. Rxe3 Qg5 38. Qb8 Qd8 39. Rb3 Ra4 40. Qxc8 1-0

[Event "Challenge"]
[Site "http://www.queenalice.com/game.php?id=1497735"]
[Date "2017.10.6"]
[Round "-"]
[White "julianowagner"]
[Black "papilon_br"]
[Result "0-1"]
[WhiteElo "1690"]
[BlackElo "1773"]

1. d4 d5 2. Bf4 Nf6 3. Nc3 a6 4. e3 Nc6 5. Be2 g6 6. Nf3 Bg7 7. O-O O-O 8. a4 e6
9. Rb1 Bd7 10. b4 h6 11. b5 axb5 12. Nxb5 Ne8 13. c3 g5 14. Bg3 Ne7 15. Na3 Rxa4
16. Ra1 b6 17. Qb1 Nf5 18. Bd3 Nxg3 19. Bh7+ Kh8 20. hxg3 f5 21. g4 Kxh7 22.
gxf5 exf5 23. Qb3 Qa8 24. g3 g4 25. Nh2 Nf6 26. Kg2 Ne4 27. Rfd1 Rd8 28. f3
gxf3+ 29. Nxf3 Re8 30. Nd2 Nxd2 31. Rxd2 Rxe3 32. Qb2 b5 33. Ra2 b4 34. Kf2 bxa3
35. Qc2 Re4 36. Kf3 c5 37. Rh2 cxd4 38. cxd4 Raxd4 39. Rh3 f4 40. Qh2 Bxh3 0-1

[Event "Challenge"]
[Site "http://www.queenalice.com/game.php?id=1498107"]
[Date "2017.10.9"]
[Round "-"]
[White "papilon_br"]
[Black "julianowagner"]
[Result "1-0"]
[WhiteElo "1830"]
[BlackElo "1699"]

1. e4 d5 2. exd5 Qxd5 3. Nc3 Qd8 4. Nf3 e6 5. d4 h6 6. g3 c5 7. Bg2 cxd4 8. Nxd4
Bc5 9. Nf3 Qb6 10. O-O Bd7 11. Ne5 Nf6 12. Nxd7 Nbxd7 13. b3 Bd4 14. Bb2 Qb4 15.
a3 Qd6 16. Ne4 Nxe4 17. Bxe4 e5 18. c3 Bc5 19. Qxd6 Bxd6 20. b4 Rb8 21. Rfd1 Be7
22. c4 f6 23. Bg6+ 1-0

[Event "Challenge"]
[Site "http://www.queenalice.com/game.php?id=1498108"]
[Date "2017.10.9"]
[Round "-"]
[White "julianowagner"]
[Black "papilon_br"]
[Result "0-1"]
[WhiteElo "1688"]
[BlackElo "1841"]

1. d4 d5 2. c4 dxc4 3. e4 e6 4. a3 Nc6 5. Bxc4 Nxd4 6. Be3 Nc6 7. Qf3 Nf6 8. Bg5
Be7 9. Bf4 Qd4 10. Qe2 O-O 11. Nc3 e5 12. Nf3 Qc5 13. O-O exf4 14. Rfd1 Bg4 15.
Na4 Bxf3 16. Bxf7+ Rxf7 17. Qxf3 Qh5 18. Qb3 Na5 19. Qa2 b5 20. Nc3 Qe5 0-1